Software project management (Record no. 190817)

000 -LEADER
fixed length control field 00411 a2200169 4500
003 - CONTROL NUMBER IDENTIFIER
control field Nust
005 - DATE AND TIME OF LATEST TRANSACTION
control field 20170207153953.0
020 ## - INTERNATIONAL STANDARD BOOK NUMBER
International Standard Book Number 0070706530
040 ## - CATALOGING SOURCE
Transcribing agency Nust
082 ## - DEWEY DECIMAL CLASSIFICATION NUMBER
Classification number 005.1068
100 ## - MAIN ENTRY--PERSONAL NAME
Personal name Hughes, Bob
245 ## - TITLE STATEMENT
Title Software project management
Statement of responsibility, etc. Bob Hughes and Mike Cotterell
250 ## - EDITION STATEMENT
Edition statement 5th ed.
260 ## - PUBLICATION, DISTRIBUTION, ETC.
Place of publication, distribution, etc. New Delhi
Name of publisher, distributor, etc. Tata McGraw-Hill
Date of publication, distribution, etc. 2010
300 ## - PHYSICAL DESCRIPTION
Extent xvii; 392 p.
650 ## - SUBJECT ADDED ENTRY--TOPICAL TERM
Topical term or geographic name entry element Project management
942 ## - ADDED ENTRY ELEMENTS (KOHA)
Source of classification or shelving scheme
Koha item type Book
Holdings
Withdrawn status Lost status Source of classification or shelving scheme Damaged status Not for loan Collection code Permanent Location Current Location Date acquired Total Checkouts Full call number Barcode Checked out Date last seen Date last checked out Price effective from Koha item type
            Military College of Signals (MCS) Military College of Signals (MCS) 12/12/2016 1 005.1068 HUG MCS36163 12/18/2022 08/20/2022 08/20/2022 12/12/2016 Book
© 2023 Central Library, National University of Sciences and Technology. All Rights Reserved.